|
|
|
|
| LEADER |
01108nam a2200277 a 4500 |
| 001 |
1005148 |
| 008 |
091006s1987 caua b 001 0 eng d |
| 010 |
|
|
|a \\\87016495
|
| 020 |
|
|
|a 080393128X (pbk.)
|
| 040 |
|
|
|a DLC
|c DLC
|d DLC
|
| 082 |
0 |
0 |
|a 379.1/54
|2 19
|
| 100 |
2 |
|
|a Fitz-Gibbon, Carol Taylor.
|
| 245 |
1 |
0 |
|a How to design a program evaluation /
|c Carol Taylor Fitz-Gibbon, Lynn Lyons Morris.
|
| 250 |
|
|
|a 2nd ed.
|
| 260 |
|
|
|a Newbury Park, Calif. :
|b Sage Publications,
|c c1987.
|
| 300 |
|
|
|a 168 p. :
|b ill. ;
|c 22 cm.
|
| 490 |
1 |
|
|a Program evaluation kit ;
|v 3
|
| 504 |
|
|
|a Includes bibliographical references (p. 166) and index.
|
| 541 |
1 |
|
|e 00003820
|
| 650 |
|
0 |
|a Educational evaluation
|z United States
|x Planning.
|
| 650 |
|
0 |
|a Educational surveys
|z United States
|x Planning.
|
| 700 |
1 |
|
|a Morris, Lynn Lyons.
|
| 830 |
|
0 |
|a Program evaluation kit (2nd ed.) ;
|v 3.
|
| 852 |
4 |
|
|a Ayesha Abed Library
|j General shelf
|
| 999 |
|
|
|c 4260
|d 4260
|
| 952 |
|
|
|0 0
|1 0
|2 ddc
|4 0
|6 379_154000000000000_FIT_1987
|7 0
|9 3929
|a BRACUL
|b BRACUL
|c GEN
|d 2009-10-06
|g 168.00
|l 0
|o 379.154 FIT
|p 3010003820
|r 2009-10-06
|t 1
|v 336.00
|w 2009-10-06
|y BK
|